000 00493nam a2200169 a 4500
005 20260430102326.0
008 260427s2026##################000#0#eng##
020 _a9780674016347
_qpbk
041 _aeng
082 0 4 _a378.73
_bKIR
100 _a Kirp, David L.
245 1 0 _aShakespeare, Einstein, and the Bottom Line: The Marketing of Higher Education
_c/ David L. Kirp
260 _bHarvard Univ Press,
_c2004.
300 _a328 pages.
650 _aHigher education
942 _cENGLISH
999 _c620040
_d620040